|
|
|
|
| LEADER |
00000naa2a2200000 4500 |
| 001 |
123982 |
| 005 |
20251202160828.0 |
| 035 |
|
|
|a (RuTPU)RU\TPU\book\134183
|
| 090 |
|
|
|a 123982
|
| 100 |
|
|
|a 20071025d2005 k y0rusy50 ca
|
| 101 |
0 |
|
|a rus
|
| 102 |
|
|
|a RU
|
| 135 |
|
|
|a drnn ---uucaa
|
| 181 |
|
0 |
|a i
|
| 182 |
|
0 |
|a b
|
| 200 |
1 |
|
|a Развитие учения академика В. И. Вернадского о видах природных вод
|f О. Г. Токаренко
|g науч. рук. Ю. Г. Копылова
|
| 203 |
|
|
|a Текст
|c электронный
|
| 215 |
|
|
|a 1 файл ( 422 Кб)
|
| 300 |
|
|
|a Заглавие с титульного листа
|
| 300 |
|
|
|a Электронная версия печатной публикации
|
| 320 |
|
|
|a Библиогр.: 5 назв.
|
| 337 |
|
|
|a Adobe Reader
|
| 463 |
|
0 |
|0 (RuTPU)RU\TPU\book\111467
|y 5-89503-079-3
|t Проблемы геологии и освоения недр
|o труды Девятого международного симпозиума им. М. А. Усова, 2005 г. Томск
|f Томский политехнический университет; Проблемы геологии и освоения недр; под ред. Г. М. Ивановой, А. В. Шадриной
|v [С. 258-260]
|d 2005
|
| 600 |
|
1 |
|a Вернадский
|g Владимир Иванович
|b В. И.
|c российский учёный
|c естествоиспытатель, мыслитель и общественный деятель
|f 1863-1945
|2 stltpush
|3 (RuTPU)RU\TPU\pers\417
|
| 610 |
1 |
|
|a воды природные
|
| 610 |
1 |
|
|a учения
|
| 610 |
1 |
|
|a геохимия
|
| 610 |
1 |
|
|a гидросфера
|
| 610 |
1 |
|
|a вода
|
| 610 |
1 |
|
|a электронный ресурс
|
| 610 |
1 |
|
|a труды учёных ТПУ
|
| 700 |
|
1 |
|a Токаренко
|b О. Г.
|c геолог
|c доцент Томского политехнического университета, кандидат геолого-минералогических наук
|f 1983-
|g Ольга Григорьевна
|3 (RuTPU)RU\TPU\pers\28034
|9 12997
|
| 702 |
|
1 |
|a Копылова
|b Ю. Г.
|4 727
|
| 801 |
|
1 |
|a RU
|b 63413507
|c 20071025
|g PSBO
|
| 801 |
|
2 |
|a RU
|b 63413507
|c 20171225
|g PSBO
|
| 856 |
4 |
|
|u http://www.lib.tpu.ru/fulltext/v/Conferences/2005/K01/050.pdf
|
| 942 |
|
|
|c CF
|